00880naa a22002417a 4500001001000000003000900010005001700019007000300036008003400039040005400073041000900127072002000136100001900156100001700175111007400192245008200266260003500348500010000383650002300483650001500506650002000521773009700541BR7404996BR-BrBNA20240918173555.0ta230509b bl.||||| |||| 00| 0 por d aBR-BrBNAbporcBiblioteca Nacional de Agricultura a(Pt) aK10; D50b/G5141 aMacedo, J.H.P.1 aZanata, J.C.1 a2. Congresso Florestal BrasileirocCuritiba, PR (Brazil)d17 Sep 19731 aDificuldades legais para reflorestar em terrenos entre 25 a 45 graus [Brasil]3 aCurtiba, PR (Brasil): c1974.  aAnais do 2. Congresso Florestal Brasileiro Curtiba, PR (Brasil): 1974. p. 37 (BR7404996-AM)K10  aPRODUCAO FLORESTAL aLEGISLACAO aREFLORESTAMENTO0 tAnais do 2. Congresso Florestal BrasileirowK10 BR7404996gCurtiba, PR (Brasil), 1974. p. 37